000 00532nam a2200181Ia 4500
003 GCL
008 140319s9999 xx 000 0 ara d
040 _aGCL /
_cGCL
082 0 4 _a956.904
_bب د
100 1 _aبكر عبدالمنعم
245 1 0 _aدولة فلسطين مؤتمر السلام من مدريد الى اوسلو /
_cبكر عبدالمنعم
300 _a189 ص
490 _a100 قصة
_v0
650 0 4 _aفلسطين
650 0 4 _aالمؤتمرات
650 0 4 _aمؤتمر السلام
942 _2ddc
_cBK
999 _c46558
_d46558